000 01014cad a22002535a 4500
001 E150948
008 100916s2009 xxk f 100 0 eng d
020 _a9781842195192
035 _a(Sirsi) u150948
041 0 _aeng
100 1 _aWafula, Joachim
111 2 _aConstruction and Building Research Conference
_cUniversity of Cape Town
_d10-11 September 2009
245 0 0 _aEnergy efficiency in buildings and building regulations and control in local authorities in South Africa
_h[electronic resource]
260 _aLondon
_bRICS
_c2009
520 _aA paper presented at the COBRA Conference in Cape Town on 10-11 September 2009.
590 _aKA
650 2 4 _aCONSTRUCTION AND BUILDING RESEARCH CONFERENCE (COBRA)
651 4 _aSouth Africa
690 _aBuilding regulations
_96224
700 1 _aAduda, Kennedy
700 1 _aTalukhaba, Alfred
856 4 0 _uhttps://www.rics.org/site/scripts/download_info.aspx?fileID=5060&categoryID=524
_zView the item free of charge at www.rics.org
942 _n0
999 _c111050
_d111050